000 01018nam a22002531u 4500
001 12255
003 HDC
007 cr bn ---
008 210209p2003 my eng
040 _aHDC
100 _aKamariah Long,
_eauthor
_912595
245 0 _aEnzymatic modification of flax seed oil and palm based blends in the preparation of table margarine formulation /
_cby Kamariah Long, Ishak Zubir, Abu Bakar Hussin, Hasanah Mohd. Ghazali and Lai Oi Ming
260 _aSerdang :
_bMalaysian Agricultural Research and Development Institute (MARDI),
_c2003
300 _a1 page
336 _atext
_2rdacontent
337 _acomputer
_2rdamedia
338 _aonline resource
_2rdacarrier
650 _aHigh melting glyceride
_912747
650 _aTransesterification
_912746
856 _zRequest full-text at [email protected]
942 _2lcc
942 _cAR
942 _kJART 003053
999 _c9578
_d9578